Statistics for Countries of the World in Alphabetical Order

Click here to take the quiz!

General Stats

  • This quiz has been taken 23,169 times
  • The average score is 108 of 196

Answer Stats

Answer % Correct
Afghanistan
94%
Albania
94%
Algeria
88%
Andorra
88%
Australia
85%
Angola
84%
Antigua and Barbuda
84%
Armenia
84%
Austria
84%
Azerbaijan
84%
Bahamas, The
81%
Bahrain
81%
Argentina
80%
Barbados
79%
Belgium
78%
Belize
76%
Bangladesh
75%
Benin
74%
Bhutan
74%
Belarus
73%
Bolivia
73%
Botswana
73%
Canada
72%
Cameroon
71%
Burundi
70%
Cambodia
70%
Brazil
70%
Brunei
70%
Denmark
70%
Bosnia and Herzegovina
70%
China
69%
Bulgaria
68%
Chile
67%
Burkina Faso
67%
Comoros
66%
Djibouti
66%
Eritrea
65%
Chad
65%
Colombia
64%
Cape Verde
64%
France
64%
Finland
64%
Ethiopia
63%
Estonia
63%
Haiti
62%
Zambia
62%
Zimbabwe
62%
Czech Republic
62%
Croatia
61%
Germany
61%
Gabon
61%
Fiji
61%
Honduras
61%
Cyprus
61%
Dominican Republic
61%
Dominica
61%
Indonesia
60%
Iceland
60%
Congo, Democratic Republic of the
60%
Guinea
60%
Gambia, The
60%
India
60%
Ecuador
60%
Costa Rica
60%
Burma
59%
Cuba
59%
Guinea-Bissau
59%
Egypt
59%
Central African Republic
59%
East Timor
58%
Iran
58%
Ghana
58%
Yemen
58%
Ireland
58%
Hungary
58%
Iraq
58%
El Salvador
58%
Jordan
57%
Jamaica
57%
Equatorial Guinea
57%
Japan
57%
Guyana
57%
Laos
56%
Kazakhstan
56%
Latvia
56%
Congo, Republic of the
56%
Italy
56%
Israel
56%
Kenya
55%
Guatemala
55%
Venezuela
54%
Grenada
54%
Greece
54%
Kiribati
53%
Kuwait
53%
Kyrgyzstan
53%
United Kingdom
53%
Lithuania
53%
Mali
52%
Vatican City
52%
Vanuatu
52%
United States
52%
Libya
52%
Liberia
52%
Kosovo
52%
Luxembourg
51%
Lesotho
51%
Macedonia, Former Yugoslav Republic of
51%
Liechtenstein
51%
Vietnam
51%
Uzbekistan
51%
Lebanon
51%
Cote D'Ivoire
50%
Uruguay
50%
Georgia
50%
Malawi
49%
Oman
49%
United Arab Emirates
49%
Madagascar
49%
Mauritania
49%
Turkmenistan
48%
Maldives, The
48%
Mauritius
48%
Mexico
47%
Malaysia
47%
Palau
47%
Uganda
47%
Turkey
47%
Russia
46%
Monaco
46%
Namibia
46%
Malta
46%
Qatar
46%
Tuvalu
45%
Ukraine, The
45%
Sweden
45%
South Korea
45%
Rwanda
45%
Romania
45%
Nauru
45%
Pakistan
45%
Montenegro
45%
South Sudan
44%
Nigeria
44%
Switzerland
44%
Peru
44%
Saint Kitts and Nevis
44%
Saint Lucia
44%
Togo
44%
Tonga
44%
Norway
44%
Nicaragua
44%
Niger
44%
Tajikistan
43%
Portugal
43%
North Korea
43%
Poland
43%
Nepal
43%
Mozambique
43%
Morocco
43%
Mongolia
43%
Moldova
43%
Netherlands, The
43%
Panama
43%
South Africa
43%
Paraguay
43%
Saint Vincent and the Grenadines
43%
Thailand
42%
Swaziland
42%
Sudan
42%
San Marino
41%
New Zealand
41%
Senegal
41%
Syria
41%
Marshall Islands
41%
Tanzania
40%
Taiwan
40%
Philippines, The
40%
Trinidad and Tobago
40%
Samoa
40%
Spain
40%
Suriname
40%
Sao Tome and Principe
40%
Micronesia, Federated States of
39%
Slovakia
39%
Serbia
39%
Slovenia
39%
Somalia
39%
Papua New Guinea
39%
Seychelles
38%
Singapore
38%
Tunisia
38%
Sri Lanka
37%
Sierra Leone
36%
Solomon Islands
35%
Saudi Arabia
34%

Score Distribution

Percentile by Number Answered

Percent of People with Each Score

Your Score History

You have not taken this quiz